000 00239nam a22000857a 4500
008 231201b |||||||| |||| 00| 0 eng d
020 _a978935559647
100 _aMTG Learning Media ltd.
_97730
245 _aBilogy Class 12 CBSE 15 Sample Papers
999 _c12474
_d12474